[Event "Erandio op 28th"]
[Site "Erandio"]
[Date "2019.12.21"]
[Round "8"]
[White "Sarralde Marco, Emilio"]
[Black "Perez Novoa, Miguel"]
[Result "1-0"]
[WhiteElo "1833"]
[BlackElo "1675"]
[PlyCount "116"]
[EventDate "2019.12.14"]
[EventType "swiss"]
[EventRounds "8"]
[EventCountry "ESP"]
[SourceTitle "CBM 194 Extra"]
[Source "ChessBase"]
[SourceDate "2020.03.31"]
[SourceVersion "1"]
[SourceVersionDate "2020.03.31"]
[SourceQuality "1"]

1. e4 c5 2. Nf3 d6 3. d4 cxd4 4. Nxd4 Nf6 5. Nc3 g6 6. Bc4 Bg7 7. Bb3 Nc6 8. Nde2 0-0 9. f3 Bd7 10. Be3 Qa5 11. Qd2 Rfc8 12. 0-0-0 Ne5 13. Kb1 Nc4 14. Qc1 Nxe3 15. Qxe3 b5 16. g4 b4 17. Nd5 Nxd5 18. Rxd5 Qc7 19. h4 Be6 20. Rb5 Bxb3 21. Qxb3 a5 22. h5 Qc6 23. hxg6 hxg6 24. Qd3 Rc7 25. f4 Rac8 26. Rc1 Qa6 27. Rd5 Qxd3 28. cxd3 Rxc1+ 29. Nxc1 Ra8 30. Nb3 a4 31. Ra5 Rxa5 32. Nxa5 e5 33. f5 gxf5 34. gxf5 Bh6 35. Kc2 Be3 36. b3 a3 37. Nc4 Bc5 38. Nd2 Kf8 39. Nf3 Ke7 40. d4 exd4 41. Kd3 Kf6 42. Nxd4 d5 43. Nf3 dxe4+ 44. Kxe4 Bf8 45. Ne5 Bd6 46. Nd7+ Ke7 47. Nb6 Bg3 48. Nd5+ Kd6 49. Nxb4 Kc5 50. Nc2 Bc7 51. Nxa3 Kb4 52. Nc4 f6 53. Kd5 Bf4 54. Ke6 Bg5 55. Nd6 Ka3 56. Ne4 Bh4 57. Nxf6 Kxa2 58. b4 Kb3 1-0

[Event "Erandio op 28th"]
[Site "Erandio"]
[Date "2019.12.15"]
[Round "2"]
[White "Sarralde Marco, Emilio"]
[Black "Prieto Aranguren, Alain"]
[Result "0-1"]
[WhiteElo "1833"]
[BlackElo "2277"]
[PlyCount "105"]
[EventDate "2019.12.14"]
[EventType "swiss"]
[EventRounds "8"]
[EventCountry "ESP"]
[SourceTitle "CBM 194 Extra"]
[Source "ChessBase"]
[SourceDate "2020.03.31"]
[SourceVersion "1"]
[SourceVersionDate "2020.03.31"]
[SourceQuality "1"]

1. e4 c6 2. d4 d5 3. Nc3 dxe4 4. Nxe4 Bf5 5. Ng3 Bg6 6. Nf3 Nd7 7. Bd3 Ngf6 8. Bxg6 hxg6 9. Qe2 e6 10. Bf4 Qa5+ 11. c3 Be7 12. Ne5 Nxe5 13. Qxe5 Qd8 14. Qc7 Qxc7 15. Bxc7 Nd5 16. Ba5 b6 17. Bb4 Nxb4 18. cxb4 Bxb4+ 19. Ke2 0-0-0 20. Ke3 Rh4 21. Ne2 c5 22. Rac1 Kb7 23. f4 cxd4+ 24. Kd3 Rh5 25. Rc4 Bd6 26. h3 Rc8 27. Rxc8 Kxc8 28. g4 Rd5 29. g5 Be7 30. Rc1+ Kb7 31. Rc4 f6 32. Rxd4 fxg5 33. fxg5 Bxg5 34. Rxd5 exd5 35. b3 a6 36. Nd4 Bf6 37. Nc2 a5 38. a4 Kc6 39. Ne3 Kd6 40. Nc2 Ke5 41. b4 axb4 42. Nxb4 Kd6 43. Na6 Bh4 44. Nb4 Bf2 45. Ke2 Bd4 46. Nd3 g5 47. Kf3 Bf6 48. Ke3 Bc3 49. Kf3 Bf6 50. Ke3 Kc6 51. Ke2 Bd4 52. Ne1 Kc5 53. Kd3 0-1

[Event "Getxo op 4th"]
[Site "Getxo"]
[Date "2019.09.13"]
[Round "7"]
[White "Miguelez Garcia, Erlantz"]
[Black "Sarralde Marco, Emilio"]
[Result "1-0"]
[WhiteElo "2038"]
[BlackElo "1829"]
[PlyCount "86"]
[EventDate "2019.09.08"]
[EventType "swiss"]
[EventRounds "9"]
[EventCountry "ESP"]
[SourceTitle "EXT 2020"]
[Source "ChessBase"]
[SourceDate "2019.10.17"]
[SourceVersion "1"]
[SourceVersionDate "2019.10.17"]
[SourceQuality "1"]

1. d4 Nf6 2. Nf3 g6 3. c4 Bg7 4. Nc3 d5 5. cxd5 Nxd5 6. Bg5 Nxc3 7. bxc3 c5 8. e3 Nc6 9. Be2 0-0 10. 0-0 Be6 11. Qa4 cxd4 12. cxd4 a6 13. Rac1 h6 14. Bh4 Bd5 15. Qa3 g5 16. Bg3 b5 17. Rfd1 Qa5 18. Qb2 Rfc8 19. a3 Qa4 20. Rc5 Qb3 21. Qxb3 Bxb3 22. Rdc1 Na7 23. h4 Rxc5 24. Rxc5 gxh4 25. Nxh4 Rc8 26. Rxc8+ Nxc8 27. Bf3 a5 28. Bc7 b4 29. axb4 axb4 30. Ba5 e5 31. dxe5 Bf8 32. Nf5 Be6 33. Nd4 b3 34. Nxe6 fxe6 35. Be4 Ba3 36. Kf1 Ne7 37. Bc3 Nd5 38. Bd4 b2 39. Ke2 Nb4 40. Kd1 h5 41. f3 Nc6 42. Bd3 Nb4 43. Bb1 Nd5 1-0